Science Quiz

Random Science Quiz

Strep Pneumo Quiz Stats

Quiz not verified by Sporcle

Also try: Factors of 1200
Challenge
Share
Tweet
Embed
Score 0/20 Timer 10:00
0 Plays Today
% Correct
???
100%
???
54.5%
???
27.3%
???
27.3%
???
27.3%
???
27.3%
???
27.3%
???
27.3%
???
27.3%
???
27.3%
% Correct
???
27.3%
???
27.3%
???
27.3%
???
27.3%
???
27.3%
???
27.3%
???
18.2%
???
18.2%
???
18.2%
???
18.2%

You're not logged in!

Compare scores with friends on all Sporcle quizzes.
Join for Free
OR
Log In

You Might Also Like...

Show Comments

Extras

Created Nov 16, 2010ReportNominate
Tags:infection

Top Quizzes Today


Score Distribution

Your Account Isn't Verified!

In order to create a playlist on Sporcle, you need to verify the email address you used during registration. Go to your Sporcle Settings to finish the process.

Report this User

Report this user for behavior that violates our Community Guidelines.

Details: